Conocimiento e interés / (Record no. 77294)

MARC details
000 -LEADER
campo de control de longitud fija 00948nam a2200289 i 4500
001 - NÚMERO DE CONTROL
campo de control 77294
003 - IDENTIFICADOR DE NÚMERO DE CONTROL
campo de control ES-MaACL
005 - FECHA Y HORA DE LA ÚLTIMA TRANSACCIÓN
campo de control 20250821111812.0
007 - CAMPO FIJO DE DESCRIPCIÓN FÍSICA--INFORMACIÓN GENERAL
campo de control de longitud fija t|
008 - DATOS DE LONGITUD FIJA--INFORMACIÓN GENERAL
campo de control de longitud fija 041007s1982 sp ||||1| spa d
020 ## - NÚMERO INTERNACIONAL ESTÁNDAR DEL LIBRO
Número Internacional Estándar del Libro 84-306-1163-0
080 ## - NÚMERO DE LA CLASIFICACIÓN DECIMAL UNIVERSAL
Número de la Clasificación Decimal Universal 165
100 1# - ENTRADA PRINCIPAL--NOMBRE DE PERSONA
Nombre de persona Habermas, Jürgen.
9 (RLIN) 61376
245 10 - MENCIÓN DEL TÍTULO
Título Conocimiento e interés /
Mención de responsabilidad, etc. Jürgen Habermas ; versión de Manuel Jiménez, José F. Ivars y Luis Martín Santos ; revisada por José Vidal Beneyto.
260 ## - PUBLICACIÓN, DISTRIBUCIÓN, ETC.
Lugar de publicación, distribución, etc. Madrid :
Nombre del editor, distribuidor, etc. Taurus,
Fecha de publicación, distribución, etc. 1982.
300 ## - DESCRIPCIÓN FÍSICA
Extensión 348 p. ;
Dimensiones 21 cm.
490 1# - MENCIÓN DE SERIE
Mención de serie Ensayistas ;
Designación de volumen o secuencia 163
504 ## - NOTA DE BIBLIOGRAFÍA, ETC.
Nota de bibliografía, etc. Bibliografía: p. 339-341.
650 #4 - PUNTO DE ACCESO ADICIONAL DE MATERIA--TÉRMINO DE MATERIA
Término de materia o nombre geográfico como elemento de entrada Epistemología.
9 (RLIN) 12338
700 1# - ENTRADA AGREGADA--NOMBRE PERSONAL
Nombre de persona Jiménez Redondo, Manuel.
9 (RLIN) 66597
700 1# - ENTRADA AGREGADA--NOMBRE PERSONAL
Nombre de persona Ivars, José-Francisco.
9 (RLIN) 65661
700 0# - ENTRADA AGREGADA--NOMBRE PERSONAL
Nombre de persona Martín Santos, Luis,
Fechas asociadas al nombre 1921-1988
9 (RLIN) 77652
700 1# - ENTRADA AGREGADA--NOMBRE PERSONAL
Nombre de persona Vidal Beneyto, José.
9 (RLIN) 114468
830 1# - PUNTO DE ACCESO ADICIONAL DE SERIE-TÍTULO UNIFORME
Título uniforme Ensayistas ;
Designación de volumen o secuencia 163
9 (RLIN) 177257
852 4# - LOCALIZACIÓN
Ubicación ES-MaACL
Número de control de estantería L-4840
Holdings
Estatus retirado Estado de pérdida Estado de daño No para préstamo Biblioteca de origen Biblioteca actual Ubicación en estantería Fecha de adquisición Fuente de adquisición Total de préstamos Signatura topográfica completa Código de barras Visto por última vez Precio de reemplazo Tipo de ítem Koha
        Biblioteca del Ateneo de Madrid Biblioteca del Ateneo de Madrid Depósito 2 17/01/2008     L-4840 1080871 23/02/2023 23/02/2023 Libro impreso